00543nam a2200181Ia 450000500170000000800410001702000150005808200130007310000150008624500670010126000390016830000200020765000100022765000100023794200060024795200950025399900130034820240702045848.0240331s9999 xx 000 0 und d a0803947887 a155bBUR aBurstow, B 0aRadical feminist theropy-b working in the context of violence aNew DelhibSage Publicationsc1992 axviii, 302 p ., aWomen aCrime cL 001040708LaWERCLbWERCLcSSCd2024-03-31l0o 155 BURp3437r2024-03-31w2024-03-31yL c729d729